Atomic force microscopy (Record no. 333)

MARC details
000 -LEADER
fixed length control field 01097nam a22003137a 4500
001 - CONTROL NUMBER
control field 16297324
005 - DATE AND TIME OF LATEST TRANSACTION
control field 20230517104054.0
008 - FIXED-LENGTH DATA ELEMENTS--GENERAL INFORMATION
fixed length control field 230517b |||||||| |||| 00| 0 eng d
010 ## - LIBRARY OF CONGRESS CONTROL NUMBER
LC control number 2010280406
015 ## - NATIONAL BIBLIOGRAPHY NUMBER
National bibliography number GBA997901
Source bnb
016 7# - NATIONAL BIBLIOGRAPHIC AGENCY CONTROL NUMBER
Record control number 015386461
Source Uk
020 ## - INTERNATIONAL STANDARD BOOK NUMBER
International Standard Book Number 9780199570454 (hbk.)
020 ## - INTERNATIONAL STANDARD BOOK NUMBER
International Standard Book Number 0199570450 (hbk.)
020 ## - INTERNATIONAL STANDARD BOOK NUMBER
International Standard Book Number 9780198826286 (pbk.)
035 ## - SYSTEM CONTROL NUMBER
System control number (OCoLC)ocn455831540
040 ## - CATALOGING SOURCE
Original cataloging agency UKM
Transcribing agency KMU
Modifying agency KMU
Description conventions rda
042 ## - AUTHENTICATION CODE
Authentication code ukblcatcopy
-- lccopycat
050 00 - LIBRARY OF CONGRESS CALL NUMBER
Classification number QH 212.A78 Eat
Item number E28 2010
100 1# - MAIN ENTRY--PERSONAL NAME
Personal name Eaton, Peter Jonathan.
245 10 - TITLE STATEMENT
Title Atomic force microscopy
Statement of responsibility, etc. /Peter Eaton and Paul West.
260 ## - PUBLICATION, DISTRIBUTION, ETC.
Place of publication, distribution, etc. Oxford ;
-- New York :
Name of publisher, distributor, etc. Oxford University Press,
Date of publication, distribution, etc. 2010.
300 ## - PHYSICAL DESCRIPTION
Extent viii, 248 p. :
Other physical details ill. (some col.) ;
Dimensions 26 cm.
504 ## - BIBLIOGRAPHY, ETC. NOTE
Bibliography, etc. note Includes bibliographical references (p. [201]-240) and index.
650 #0 - SUBJECT ADDED ENTRY--TOPICAL TERM
Topical term or geographic name entry element Atomic force microscopy.
700 1# - ADDED ENTRY--PERSONAL NAME
Personal name West, Paul.
906 ## - LOCAL DATA ELEMENT F, LDF (RLIN)
a 7
b cbc
c copycat
d 2
e ncip
f 20
g y-gencatlg
942 ## - ADDED ENTRY ELEMENTS (KOHA)
Source of classification or shelving scheme Library of Congress Classification
Koha item type Non-Fiction
Suppress in OPAC No
Holdings
Withdrawn status Lost status Source of classification or shelving scheme Damaged status Not for loan Collection Home library Current library Shelving location Date acquired Source of acquisition Total Checkouts Full call number Barcode Date last seen Price effective from Koha item type
    Library of Congress Classification     Non-fiction Kapasa Makasa University Kapasa Makasa University Open Access 17.05.2023 ZLS   QH 212.A78 Eat 300364 17.05.2023 17.05.2023 Non-Fiction